000 01321nam a2200313 i 4500
003 DO-SdBNP
005 20240301091117.0
007 ta
008 240301s2009 dr a 000 0 spa d
020 _a9789945121322
040 _aDO-SdBNP
_bspa
_cBNPHU
_erda
082 4 _222
_bS211
100 _aSánchez, Lourdes Theany
_984963
245 0 0 _aEducación para la ciudadanía 3 :
_beducación básica /
_cLourdes Theany Sánchez, Raysa Valdez Reyes
264 1 _aSanto Domingo :
_bSusaeta,
_c2009.
300 _a80 páginas
_bilustraciones
_c28 cm.
336 _2rdacontent
_atexto
_btxt
337 _2rdamedia
_asin mediación
_bn
338 _2rdacarrier
_avolumen
_bnc
500 _acívica, Ética, Valores.
504 _aBibliografía p: 80
505 _gUnidad No. 1 --
_tMe conozco y valoro mi entorno --
_gUnidad No. 2 --
_t¡Mis valores importan! --
_gUnidad No. 3 --
_tMi país --
_gUnidad No. 4 --
_tTengo derechos. ¡Estoy protegido por la Ley 56! /
590 _aInventariado, 2024/ YL
700 1 _aValdez Reyes, Raysa
_eautora
_961577
740 0 _aThe great change : the social and economic transformation of the Dominican Republic, 1963-2013
740 0 _aLe grand changement : la transformation sociale et économique de la Republique Dominicaine, 1963-2013
910 _aYLockward
942 _2ddc
_cLBS1
999 _c56012
_d56012